| 000 | 01647 a2200241 4500 | ||
|---|---|---|---|
| 001 | 57111 | ||
| 005 | 20260407155833.0 | ||
| 008 | 260407a2019 arg spa d | ||
| 003 | AR-UNSa-BCEJYS | ||
| 040 |
_aAR-UNSa-BCEJYS _bspa _cAR-UNSa-BCEJYS |
||
| 080 |
_a657.23 _xCompensaciones. Correcciones. Ajustes (devaluación monetaria) |
||
| 245 | 1 | 0 | _aAjuste por inflación y remedición de activos |
| 020 | _a978-987-716-102-1 | ||
| 250 | _a2a. ed. | ||
| 264 | 1 |
_aBuenos Aires : _bOsmar D. Buyatti _c2019 |
|
| 300 |
_a278 p. _c22 cm. |
||
| 505 | _a1. La inflación como fenómeno económico y su impacto en la información contable – 2. Reseña histórica del ajuste contable por inflación en la Argentina hasta su actual restablecimiento – 3. La resolución 539/18 de la FACPCE – 4. Métodos de reexpresión de estados contables – 5. Tratamiento contable del impuesto a las ganancias en el ajuste por inflación – 6. Los resultados financieros y por tenencia – 7. Cuestiones particulares relacionadas con la reexpresión de algunos activos y pasivos no monetarios – 8. Reexpresión de los componentes del patrimonio neto – 9. El estado de flujo de efectivo en moneda homogénea – 10. Caso práctico de aplicación del ajuste en los cuatro estados contables – 11. Caso práctico integral – 12. Normas de la resolución técnica N° 48 sobre medición de activos – 13. Normas de las NIC N° 29 | ||
| 041 | _aspa | ||
| 942 | _cBK | ||
| 590 | _aniveau_biblio:m niveau_hierar:0 | ||
| 100 | 1 | _aTorres, Carlos Federico | |
| 856 | 4 | 1 |
_uhttps://biblioeco.unsa.edu.ar/pmb/images/libros/L128673.jpg _yImagen de portada _qimage/jpeg |
| 999 |
_c6113 _d6113 |
||